| 000 | 01147 a2200361 4500 | ||
|---|---|---|---|
| 001 | 66031 | ||
| 003 | TR-AnTOB | ||
| 005 | 20240730093524.0 | ||
| 008 | 890424s1986 ja 000 0 eng d | ||
| 020 | _z487032001 | ||
| 035 | _a4036232 | ||
| 040 |
_aOSU _cOSU |
||
| 041 | 0 |
_aeng _ajpn |
|
| 050 |
_aPL538.C6 _bT34 1986 |
||
| 090 | _aPL538.C6 T34 1986 | ||
| 100 |
_aTakamizawa, Hajime _938262 |
||
| 245 | 0 |
_aExecutive Japanese : _bbeginner's guide to corporate communications / _c[Hajime Takamizawa]. |
|
| 264 | 1 |
_aTokyo : _bASMIK Corp., _cc1986 |
|
| 300 |
_a3 v. : _bill., maps ; _c28 cm |
||
| 500 | _a"Executive Japanese : glossary" (24 p.) inserted at end ofv. 3 | ||
| 500 | _aIncludes indexes | ||
| 650 | 0 |
_aJapanese language _xBusiness Japanese _938263 |
|
| 650 | 0 |
_aJapanese language _vTextbooks for foreign speakers _xEnglish _938264 |
|
| 901 | _a0021190 | ||
| 902 | _ady | ||
| 910 | _a&kc890425 | ||
| 940 |
_aPL538.C6 _lMAI |
||
| 942 |
_cBK _2lcc |
||
| 945 |
_aos4ug _bb2420794 _ci21271961 _o1 _sN |
||
| 945 |
_awa4tg _bb127100 _ci40122947 _sN |
||
| 999 |
_c66031 _d17439 |
||